| 000 | 00644nam a22002057a 4500 | ||
|---|---|---|---|
| 005 | 20251108174741.0 | ||
| 008 | 250721s9999 xx 000 0 ara d | ||
| 082 | 1 | 4 | _a546.43/مخا |
| 100 | 1 |
_aأبو دية، أيوب _eمترجم |
|
| 245 | 1 | 0 | _aمخاطر اليورانيوم المشع / |
| 246 | 1 | 1 | _aICBUM International Coalition to Ban Uranium Waepons |
| 264 | 1 |
_aعمان : _b[د.ن]، _c[200-]. |
|
| 300 | _a16ص. | ||
| 650 | 1 | 7 | _aاليورانيوم |
| 650 | 1 | 7 | _aالقوة النووية |
| 650 | 1 | 7 | _aالمفاعلات النووية |
| 650 | 1 | 7 | _aالأسلحة النووية |
| 942 |
_2ddc _cBK |
||
| 999 |
_c117060 _d117060 |
||